| 000 | 01717nam a2200481 i 4500 | ||
|---|---|---|---|
| 001 | 25014 | ||
| 003 | KOSZ 005 | ||
| 005 | 20191216144321.0 | ||
| 008 | 190812s1996 pl a f |000 0 pol | ||
| 015 | _aPB 1997/3817 | ||
| 020 | _a8320420792 | ||
| 035 | _a991004765889705066 | ||
| 035 | _a(PL-WaBN)b11256321-48omnis_nlop | ||
| 035 | _ab11256321 | ||
| 035 | _a(OCoLC)749620909 | ||
| 035 | _a(PL)b0000001125632 | ||
| 035 | _a(EXLNZ-48OMNIS_NETWORK)9910418981405606 | ||
| 040 |
_aWA N _cWA N _dKOSZ 005/RW |
||
| 046 | _k1996 | ||
| 080 | _a681.5 | ||
| 080 | _a007.5 | ||
| 080 | _a(075.8) | ||
| 100 | 1 |
_aHonczarenko, Jerzy _eAutor |
|
| 245 | 1 | 0 |
_aRoboty przemysłowe : _belementy i zastosowanie / _cJerzy Honczarenko. |
| 260 |
_aWarszawa : _bWydawnictwa Naukowo-Techniczne : _bFundacja "Książka Naukowo-Techniczna", _c1996. |
||
| 300 |
_a216, [4] stron : _bfotografie, rysunki, wykr.esy; _c24 cm. |
||
| 336 |
_aTekst _btxt _2rdacontent |
||
| 337 |
_aBez urządzenia pośredniczącego _bn _2rdamedia |
||
| 338 |
_aWolumin _bnc _2rdacarrier |
||
| 380 | _aKsiążki | ||
| 388 | _a1901-2000 | ||
| 504 | _aBibliografia na stronach 214-[217]. | ||
| 521 | _aDla studentów kierunku Mechanika i budowa maszyn, automatyka i robotyka. | ||
| 650 | 7 |
_aRoboty i manipulatory przemysłowe _2DBN |
|
| 650 | 7 |
_aSterowanie _2DBN |
|
| 655 | 7 |
_aPodręczniki akademickie _2DBN |
|
| 658 | _aInżynieria i technika | ||
| 658 | _aInformatyka i technologie informacyjne | ||
| 710 | 2 |
_aWydawnictwa Naukowo-Techniczne _4pbl |
|
| 856 |
_uhttp://koha.tu.koszalin.pl/cgi-bin/koha/opac-detail.pl?biblionumber=25014 _yKatalog online BPK |
||
| 942 |
_2UKD _cKS |
||
| 999 |
_c25014 _d25014 |
||